The local role of the U.S. Parole Commission : increasing public safety, reducing recidivism, and using alternatives to re-incarceration in the District of Columbia : hearing before the Subcommittee on Federal Workforce, Postal Service, and the District of Columbia of the Committee on Oversight and Government Reform, House of Representatives, One Hundred Eleventh Congress, first session, September 22, 2009.

Bibliographic Details
Corporate Author: United States. Congress. House. Committee on Oversight and Government Reform. Subcommittee on Federal Workforce, Postal Service, and the District of Columbia
Format: Government Document eBook
Language:English
Published: Washington : U.S. G.P.O., 2009.
Subjects:
Online Access:Electronic resource (PDF)

MARC

Tag First Indicator Second Indicator Subfields
LEADER 00000cam a22000001a 4500
001 in00004100693
005 20200117091340.0
006 m d f
007 cr bn mmmapmmp
008 100713s2009 dcu ob f000 0 eng d
035 |a chdc201000650 
040 |a UMI  |c UMI  |d UtOrBLW 
042 |a pcc 
043 |a n-us-dc 
074 |a 1016-A 
086 0 |a Y 4.G 74/7:111-30 
088 |a Serial no. 111-30 (United States. Congress. House. Committee on Oversight and Government Reform) 
110 1 |a United States.  |b Congress.  |b House.  |b Committee on Oversight and Government Reform.  |b Subcommittee on Federal Workforce, Postal Service, and the District of Columbia.  |0 http://id.loc.gov/authorities/names/no2007083721 
245 1 4 |a The local role of the U.S. Parole Commission :  |b increasing public safety, reducing recidivism, and using alternatives to re-incarceration in the District of Columbia : hearing before the Subcommittee on Federal Workforce, Postal Service, and the District of Columbia of the Committee on Oversight and Government Reform, House of Representatives, One Hundred Eleventh Congress, first session, September 22, 2009. 
264 1 |a Washington :  |b U.S. G.P.O.,  |c 2009. 
264 2 |a Washington :  |b For sale by the Supt. of Docs., U.S. G.P.O. 
300 |a iii, 121 pages, digital, PDF file. 
336 |a text  |b txt  |2 rdacontent 
337 |a computer  |b c  |2 rdamedia 
338 |a online resource  |b cr  |2 rdacarrier 
500 |a "Printed for the use of the Committee on Oversight and Government Reform." 
500 |a Shipping list number : 2010-0193-P. 
504 |a Includes bibliographical references. 
500 |a "Serial number 111-30." 
500 |a "54-385 PDF." 
500 |a Record is based on bibliographic data in ProQuest Congressional Hearings Digital Collection. Reuse except for individual research requires license from ProQuest, LLC. 
500 |a Electronic resource. 
533 |a Electronic reproduction.  |b [Bethesda, Md.] :  |c ProQuest,  |d 2010.  |e digital, PDF file.  |n ProQuest U.S. Congressional Hearings Digital Collection.  |n Mode of access: World Wide Web via ProQuest website. 
538 |a System requirements: PDF reader software. 
610 2 0 |a United States Parole Commission.  |0 http://id.loc.gov/authorities/names/n77008931 
650 0 |a Parole  |z Washington (D.C.) 
650 0 |a Recidivism  |z Washington (D.C.)  |x Prevention. 
650 0 |a Alternatives to imprisonment  |z Washington (D.C.) 
776 0 8 |i Print version:   |a United States. Congress. House. Committee on Oversight and Government Reform. Subcommittee on Federal Workforce, Postal Service, and the District of Columbia.  |t Local role of the U.S. Parole Commission  |w 9780160855641  |w 0160855640  |w (OCoLC)ocn631830292  |z 2010443760 
776 0 8 |i Microfiche version:   |a United States. Congress. House. Committee on Oversight and Government Reform. Subcommittee on Federal Workforce, Postal Service, and the District of Columbia.  |t local role of the U.S. Parole Commission  |d [Bethesda, Md.] : ProQuest,[2010]  |o CIS 2010 H601-59  |w (ProQuest)cis01001203  
856 4 0 |u http://proxy.library.tamu.edu/login?url=http://search.proquest.com/congcomp/getdoc?HEARING-ID=HRG-2009-CGR-0037  |y Electronic resource (PDF)  |t 0 
998 |a cis01001203  
999 f f |s 627cc5fc-bb42-3818-9905-fea00fc3b8e1  |i db9fee5d-99c1-3418-967a-a21b01aa4c69  |t 0 
952 f f |a Texas A&M University  |b College Station  |c Electronic Resources  |d Available Online  |t 0  |e Y 4.G 74/7:111-30  |h Superintendent of Documents classification 
998 f f |a Y 4.G 74/7:111-30  |t 0  |l Available Online